000 00777nab a2200229 a 4500
005 20210223132200.0
008 991125s1985 mx 000 0 spa u
035 _aUPN01000193027
100 1 _aLópez y Mota, Angel D.
222 0 _aREVISTA MEXICANA DE INVESTIGACION EDUCATIVA
245 0 _a¿Cambian los cursos de actualización las representaciones de la ciencia y la práctica docente?
260 _aMéxico
300 _a699-719
362 0 _a2004, Vol. 9, no. 22
653 0 _aEVALUACION DEL APRENDIZAJE
653 0 _aENSEÑANZA DE LAS CIENCIAS
653 0 _aCURSOS DE ACTUALIZACION
653 0 _aPRACTICA DOCENTE
700 1 _aRodríguez Pineda, Diana Patricia,
_ecoaut.
700 1 _aBonilla Pedroza, María Xóchitl,
_ecoaut.
_935990
905 _aArticulo
999 _c165128
_d165128